Measuring participation in community driven development: Participation index (PnI) for scientific measurement of the members' participation in the functioning of rubber producers' societies (RPS) (Record no. 52242)

MARC details
000 -LEADER
fixed length control field 00709nam a2200157Ia 4500
100 ## - MAIN ENTRY--AUTHOR NAME
Personal name Usha Rani S
245 #0 - TITLE STATEMENT
Title Measuring participation in community driven development: Participation index (PnI) for scientific measurement of the members' participation in the functioning of rubber producers' societies (RPS)
260 ## - PUBLICATION, DISTRIBUTION, ETC. (IMPRINT)
Name of publisher PLACROSYM XIX, 7-10 December 2010, Kottayam. Climate Change. 19th Biennial Symposium on Plantation Crops. Abstracts.pp.199-200.
650 ## - SUBJECT ADDED ENTRY--TOPICAL TERM
Topical Term Community based organisation
650 ## - SUBJECT ADDED ENTRY--TOPICAL TERM
Topical Term Community driven development
650 ## - SUBJECT ADDED ENTRY--TOPICAL TERM
Topical Term Participation index
650 ## - SUBJECT ADDED ENTRY--TOPICAL TERM
Topical Term Rubber producers society
700 ## - ADDED ENTRY--PERSONAL NAME
Personal name Narayanasamy N
942 ## - ADDED ENTRY ELEMENTS (KOHA)
Koha item type Bibliography STAF
Holdings
Withdrawn status Lost status Damaged status Not for loan Home library Current library Date acquired Koha item type
      Bibliography RRII Library RRII Library 07/02/2011 Bibliography STAF